| 000 | 00632nam a2200193 a 4500 | ||
|---|---|---|---|
| 001 | 000035853 | ||
| 005 | 20200930074651.0 | ||
| 008 | 111115s1914 fr ac 000 0 fre d | ||
| 040 |
_aDO-SdBNP _bspa _cBNPHU |
||
| 082 |
_axxx _bJ82 |
||
| 100 | 1 |
_aJordaens, Jacques _961831 |
|
| 245 | 1 | 0 |
_aJordaens / _cJacques Jordaens. |
| 260 |
_aParis : _bPierre Lafitte et Cie., _c1914. |
||
| 300 |
_a80 p. : _bil., retr. ; _c20 cm. |
||
| 490 | 1 |
_aLes peintres illustres _v62 |
|
| 590 | _aPerteneció a la biblioteca personal de Juan Isidro Jimenes Grullón | ||
| 700 | 1 |
_aRoujon, M. Henry _961832 |
|
| 830 | 0 |
_aLes peintres illustres _nno. 62 _961833 |
|
| 999 |
_c35344 _d35344 |
||